000 00663nam a2200277Ia 4500
005 20260324135557.0
008 008 260324s9999 xx 000 0 eng d
020 _a9781315699493
037 _aEBOOK
040 _aCRL
040 _beng
040 _cCRL
041 _2eng
041 _aeng
084 _qCRL
100 _aJonathan Goldstein
_91201113
245 4 _aThe Jews of China: v. 2: A Sourcebook and Research Guide
260 _bTaylor and Francis
260 _c2000
365 _a
365 _b230
856 _uhttp://www.taylorfrancis.com/books/9781315699493
942 _cEBOOK
999 _c1802342
_d1802342